Normal view
MARC view
Entry Personal Name
001 - CONTROL NUMBER
- control field: 14535
003 - CONTROL NUMBER IDENTIFIER
- control field: OSt
005 - DATE AND TIME OF LATEST TRANSACTION
- control field: 20230706104436.0
008 - FIXED-LENGTH DATA ELEMENTS
- fixed length control field: 230706|| aca||aabn | a|a d
040 ## - CATALOGING SOURCE
- Original cataloging agency: OSt
- Transcribing agency: OSt
100 ## - HEADING--PERSONAL NAME
- Personal name: Mallikarjuna H M
670 ## - SOURCE DATA FOUND
- Source citation: Work cat.: (OSt): Mallikarjuna H M, Medulina Tarangagalu, 2021